000 00733nam a2200205Ia 4500
003 GCL
008 140319s9999 xx 000 0 ara d
020 _a3094905977
040 _aGCL /
_cGCL
082 0 4 _a811.082
_bا ق
100 1 _aاحمد عبدالعزيز
245 1 0 _aقضية السجن والحرية فى الشعر الاندلسى /
_cاحمد عبدالعزيز
260 _aالقاهرة :
_bمكتبة الانجلوالمصرية ،
_c1990
300 _a447 ص ؛
_c24 سم
650 0 4 _aالشعر الحر
650 0 4 _aالشعر السياسى
650 0 4 _aالشعر العربى - تاريخ - العصر الاندلسى
650 0 4 _aالشعر السياسى - الاندلس
942 _2ddc
_cBK
999 _c6137
_d6137